00980nam a2200181 i 4500001000700000003000900007005001700016008004100033100002800074245029000102260005200392300006600444650002700510710006500537852005100602999001900653952012600672167616ES-MaACL20230906213548.0960320s1871 sp af |||| | spa d1 aVille, Georges.911519614aLos abonos químicos : bconferencias agrícolas dadas en el campo de experiencias de Vincennes en la temporada de 1867 / cpor Jorge Ville ; traducidas de la tercera edición, para ser leídas en la Sociedad Económica Leonesa de Amigos del País por Don Pedro Fernández Soba. aLeón : b[s.n.], c1871 (fImp. de Miñón) aXXXI, 254 p., [1] h. de lám. grab. pleg. : bil. ; c19 cm. 4aFertilizantes.91361052 aSociedad Económica de Amigos del País de León.9173026 aES-MaACLjC-12120 z- Enc. pasta española c167616d167616 001040708LIBXIXaATENEOMbATENEOMcSPALd2008-01-17eSSCl0oC-12120p1175849r2023-02-23 00:00:00w2023-02-23yMONANT